000
00300nam a22001217a 4500
999
_c
158738
_d
158738
082
_a
_b
245
_a
Encyclopaedia of modern methods of teaching (v.3)/
_c
by Lay E J S (ed.).
260
_a
New delhi:
_b
Anmol,
_c
1992.
300
_a
685p.
650
_a
700
_a
Lay E J S (ed.)
942
_c
BK